Brainstorming d'anglicismes #2 - Statistiques

Statistiques générales
  • Ce quiz a été pris 81 fois
  • Le résultat moyen est 7 sur 15
Statistiques - réponses
Hint Réponse % Correct
Meeting Réunion/rendez-vous/rencontre/entrevue/rassemblement/assemblée/conférence
99%
Crossover Hybridation/métissage/croisement/mélange/réunion
77%
Low-cost Bas coût/bon marché/bas prix/pas cher
73%
Deal Accord/affaire/transaction/arrangement/marché/trafic
69%
Borderline Limite/impulsif/borne/extrémité
68%
Scoop (=/= cuillère) Nouvelle/exclusivité/information/révélation
62%
Cash Argent liquide/espèces/monnaie
58%
Stand-by En attente/à l'arrêt/expectative
50%
Cloud Stockage/serveur
40%
Hub Centre/plaque tournante/plateforme/pôle
19%
Burn-out Épuisement professionnel/fatigue professionnelle/surmenage
18%
Buzzer (verbe) Défrayer la chronique/effervescence/faire scandale/faire jaser/être au centre de l'attention
14%
Prime time Première partie de soirée/début de soirée
10%
Blockbuster Super-production/succès commercial/carton/gros titre
5%
Tuning Réglage/paramétrage/mise au point/ajustement
3%
Aucun quiz correspondant
Distribution des résultats
% des personnes avec chaque résultat
Percentile par nombre de réponses
Votre historique - résultats
Vous n’avez pas pris ce quiz